<?xml version="1.0" encoding="UTF-8"?>
<resp>
  <nextPage>https://data.bn.org.pl/api/networks/bibs.marcxml?marc=001+b00001150002622&amp;sinceId=1150002623</nextPage>
  <collection>
    <record xmlns='http://www.loc.gov/MARC21/slim'><leader>01009namZa2200337ZiZ4500</leader><controlfield tag='001'>b00001150002622</controlfield><controlfield tag='005'>20260403094907.1</controlfield><controlfield tag='008'>230609s        pl           |000 0 pol c</controlfield><controlfield tag='009'>9913261729305606</controlfield><datafield ind1=' ' ind2=' ' tag='020'><subfield code='a'>8324003533</subfield></datafield><datafield ind1=' ' ind2=' ' tag='035'><subfield code='a'>KR_1KR_1_20120317231927093004-48omnis_kr</subfield></datafield><datafield ind1=' ' ind2=' ' tag='035'><subfield code='a'>KR_1_20120317231927093004</subfield><subfield code='9'>ExL</subfield></datafield><datafield ind1=' ' ind2=' ' tag='035'><subfield code='a'>(PL)b00001150002622</subfield></datafield><datafield ind1=' ' ind2=' ' tag='040'><subfield code='a'>KR_1</subfield><subfield code='c'>KR_1</subfield></datafield><datafield ind1='1' ind2=' ' tag='041'><subfield code='a'>pol</subfield><subfield code='h'>eng</subfield></datafield><datafield ind1='1' ind2=' ' tag='100'><subfield code='a'>Robb, Andy</subfield></datafield><datafield ind1='1' ind2='0' tag='245'><subfield code='a'>Przedpotopowe początki /</subfield><subfield code='c'>Andy Robb ; przekł. Michał Romanek.</subfield></datafield><datafield ind1=' ' ind2=' ' tag='260'><subfield code='a'>Kraków :</subfield><subfield code='b'>&quot;Znak&quot;,</subfield><subfield code='c'>2003.</subfield></datafield><datafield ind1=' ' ind2=' ' tag='300'><subfield code='a'>128 s. :</subfield><subfield code='b'>il. ;</subfield><subfield code='c'>20 cm.</subfield></datafield><datafield ind1='1' ind2=' ' tag='490'><subfield code='a'>Bombowa Biblia</subfield></datafield><datafield ind1=' ' ind2=' ' tag='500'><subfield code='a'>dd</subfield></datafield><datafield ind1=' ' ind2='9' tag='650'><subfield code='a'>Biblia dla dzieci</subfield></datafield><datafield ind1=' ' ind2='9' tag='650'><subfield code='a'>Gry edukacyjne</subfield></datafield><datafield ind1='1' ind2=' ' tag='700'><subfield code='a'>Romanek, Michał.</subfield><subfield code='e'>Tł.</subfield></datafield><datafield ind1=' ' ind2=' ' tag='852'><subfield code='b'>48OMNIS_NETWORK</subfield><subfield code='8'>9913261729305606</subfield></datafield><datafield ind1=' ' ind2=' ' tag='852'><subfield code='b'>48OMNIS_KR</subfield><subfield code='8'>991000026209708216</subfield></datafield><datafield ind1=' ' ind2=' ' tag='852'><subfield code='8'>225408950008216</subfield><subfield code='j'>1</subfield><subfield code='b'>KR_6_3</subfield><subfield code='p'>257000184784</subfield><subfield code='c'>POLI_KS</subfield></datafield><datafield ind1=' ' ind2=' ' tag='920'><subfield code='a'>83-240-0353-3</subfield></datafield></record>
  </collection>
</resp>
